LIBRARY & INFORMATION CENTRE, KCAET, TAVANUR

ONLINE PUBLIC ACCESS CATALOGUE (OPAC)

Normal view MARC view
  • Er. D Sasikala (Guide)

Entry Personal Name

Number of records used in: 2

001 - CONTROL NUMBER

  • control field: 3648

003 - CONTROL NUMBER IDENTIFIER

  • control field: OSt

005 - DATE AND TIME OF LATEST TRANSACTION

  • control field: 20181010121354.0

008 - FIXED-LENGTH DATA ELEMENTS

  • fixed length control field: 181010|| aca||aabn | a|a d

040 ## - CATALOGING SOURCE

  • Original cataloging agency: OSt
  • Transcribing agency: OSt

100 ## - HEADING--PERSONAL NAME

  • Personal name: Er. D Sasikala (Guide)

670 ## - SOURCE DATA FOUND

  • Source citation: Work cat.: (OSt)15142: DHANYA V 3644, Feasibility studies on applicability of low cost materials for farm road construction and slope protection
free website counter